000 00372nam a2200169Ia 4500
003 IT-RoPAU
008 120407s9999 xx 000 0 und d
040 _aIT-RoPAU
040 _cIT-RoPAU
100 _aAndré Chouraqui
245 _aLa vie quitidienne des hommes de la Bible
250 _aParis
260 _aHachette
300 _c cm
490 _v1
942 _cBK
999 _c6702
_d6702